Normal view
MARC view
- الحراني، تقي الدين احمد عبد الحليم بن تيميه ، دراسة وتحقيق أحمد عبد الله باجور
Entry Personal Name
001 - CONTROL NUMBER
- control field: 35166
003 - CONTROL NUMBER IDENTIFIER
- control field: JO-AjAnu
005 - DATE AND TIME OF LATEST TRANSACTION
- control field: 20230606075902.0
008 - FIXED-LENGTH DATA ELEMENTS
- fixed length control field: 230606|| aca||aabn | a|a d
040 ## - CATALOGING SOURCE
- Original cataloging agency: JO-AjAnu
- Transcribing agency: JO-AjAnu
100 ## - HEADING--PERSONAL NAME
- Personal name: الحراني، تقي الدين احمد عبد الحليم بن تيميه ، دراسة وتحقيق أحمد عبد الله باجور
670 ## - SOURCE DATA FOUND
- Source citation: Work cat.: (JO-AjAnu)18059: الحراني، تقي الدين احمد عبد الحليم بن تيميه ، دراسة وتحقيق أحمد عبد الله باجور, author, أحاديث القصاص